Contributions to the culture of Latin inscriptions in Slovakia in the Midddle Ages and in the Early Modern Period

Bibliographic Details
Main Authors: Barnau, Anna, 1973- (Author), Miroslav Čovan (Author)
Format: Book
Language:English
PhysicalDescription:113 strán fotografie 21 cm
Published: Hamburg Verlag Dr. Kovač 2023
ISBN:9783339135209
ISSN:1862-7277
Series:Schriften zur Kulturgeschichte
Subjects:

MARC

LEADER 00000cam a2200000 4500
001 vtls012264912
003 SK-MaSNL
005 20260426013736.0
008 241007s2023 gw o f n 000 0 eng
015 |a SNBZSA2025/03 
020 |a 9783339135209  |q (brožované) 
022 |a 1862-7277 
040 |a SNK  |b slo  |c SNK  |e rda 
041 0 |a eng 
043 |a e-xo--- 
044 |a gw  |c DE 
072 7 |a 94(100)"04/ ..."  |x Dejiny stredoveku a novoveku (všeobecne)  |2 konspekt 
080 |a 94"1492/1789"  |2 2011 
080 |a 94"04/14"  |2 2011 
080 |a 811.124  |2 2011 
080 |a 003.071(=124)  |2 2001 
080 |a 003.072  |2 2011 
080 |a (437.6)  |2 2011 
080 |a (048.8)  |2 2011 
100 1 |a Barnau, Anna,  |d 1973-  |4 aut  |9 197132 
245 1 0 |a Contributions to the culture of Latin inscriptions in Slovakia in the Midddle Ages and in the Early Modern Period  |c Anna Barnau, Miroslav Čovan 
264 1 |a Hamburg  |b Verlag Dr. Kovač  |c 2023 
300 |a 113 strán  |b fotografie  |c 21 cm 
336 |a text  |b txt  |2 rdacontent 
337 |a bez média  |b n  |2 rdamedia 
338 |a zväzok  |b nc  |2 rdacarrier 
490 1 |a Schriften zur Kulturgeschichte  |v Band 63 
500 |a Obsahuje poznámky pod čiarou 
504 |a Obsahuje bibliografiu na strane 71-77 a bibliografické odkazy 
650 0 7 |a raný novovek  |2 SNKPH  |9 84376 
650 0 7 |a Early modern period  |2 SNKPHeng  |9 360306 
650 0 7 |a stredovek  |2 SNKPH  |9 4259 
650 0 7 |a Middle Ages  |2 SNKPHeng  |9 263011 
650 0 7 |a latinčina  |2 SNKPH  |9 3501 
650 0 7 |a Latin language  |2 SNKPHeng  |9 276352 
650 0 7 |a latinské nápisy  |2 SNKPH  |9 91049 
650 0 7 |a Latin inscriptions  |2 SNKPHeng  |9 349227 
650 0 7 |a paleografia  |2 SNKPH  |9 75931 
650 0 7 |a Paleography  |2 SNKPHeng  |9 318475 
650 0 7 |a sakrálne pamiatky  |2 SNKPH  |9 28972 
650 0 7 |a sepulkrálne pamiatky  |2 SNKPH  |9 256426 
651 7 |a Slovensko  |2 SNKPHgeo  |9 14231 
651 7 |a Slovakia  |2 SNKPHeng  |9 92630 
655 7 |a štúdie  |2 SNKPH  |9 57033 
655 7 |a Studies  |2 SNKPHeng  |9 265573 
700 1 |a Miroslav Čovan  |4 aut  |9 724039 
830 0 |a Schriften zur Kulturgeschichte  |9 724040 
852 |a Slovenská národná knižnica 
919 |a 978-3-339-13520-9 
954 |a odborná, vedecká literatúra pôvodná (slovenská)  |2 lita 
958 |a NB 
958 |a ZS 
999 |c 1131713  |d 1133643 
952 |a SNK  |b SNK  |y PREZ  |7 0  |p 17A1536399  |o snkSC 208456  |i snk2024/15487  |8 1  |0 0  |1 0  |4 0  |d 2024-10-07  |l 0  |r 2025-10-31 00:00:00  |w 2026-02-24 
952 |a SNK  |b SNK  |y VYP  |7 0  |p 17A1536400  |o snkSC 208456 D1  |i snk2024/15488  |8 1  |0 0  |1 0  |4 0  |d 2024-10-07  |l 0  |r 2026-02-24 19:05:23  |w 2026-02-24